书目信息 |
| 题名: |
当代国外社会思潮
|
|
| 作者: | 段忠桥 主编 | |
| 分册: | ||
| 出版信息: | 北京 中国人民大学出版社 2001 |
|
| 页数: | 288页 | |
| 开本: | 23cm | |
| 丛书名: | ||
| 单 册: | ||
| 中图分类: | D091.5 | |
| 科图分类: | ||
| 主题词: | 社会思潮 , 社会思潮--世界--现代--研究生--教材 | |
| 电子资源: | ||
| ISBN: | 7-300-05776-4 | |
| 000 | 01014nam0 2200289 450 | |
| 000 | 01027nam0 2200289 450 | |
| 000 | 00958nam0 2200265 450 | |
| 000 | 00922nam0 2200253 45 | |
| 005 | 20070724094830.26 | |
| 010 | @a7-300-05776-4@dCNY26.00 | |
| 100 | @a20070626e2006 em y0chiy0120 ea | |
| 101 | 0 | @achi |
| 102 | @aCN@b110000 | |
| 105 | @ay z 000yy | |
| 200 | 1 | @a当代国外社会思潮@ADang Dai Guo Wai She Hui Si Chao@f段忠桥主编@FDuan Zhong Qiao Zhu Bian |
| 205 | @a2版 | |
| 210 | @a北京@c中国人民大学出版社@d2001 | |
| 215 | @a288页@d23cm | |
| 300 | @a研究生教学用书 | |
| 330 | @a本书以20世纪70年代以来世界社会主义运动走向低潮为背景,对其中具代表性影响力大的九大思潮进行介绍与评析,涉及未来主义、后现代主义、后殖民主义等。 | |
| 510 | 1 | @aContemporarily Social Trends of Thought Abroad@zeng |
| 606 | 0 | @a社会思潮 |
| 606 | 0 | @a社会思潮@y世界@z现代@x研究生@j教材 |
| 690 | @aD091.5@v4 | |
| 701 | 0 | @a段忠桥@ADuan Zhong Qiao@4主编 |
| 801 | 0 | @aCN@bTAOJIN@c20070724 |
| 905 | @a10447@dD091.5@e121=2 | |
| 当代国外社会思潮/段忠桥主编.-2版.-北京:中国人民大学出版社,2001 |
| 288页;23cm |
| 研究生教学用书 |
| ISBN 7-300-05776-4:CNY26.00 |
| 本书以20世纪70年代以来世界社会主义运动走向低潮为背景,对其中具代表性影响力大的九大思潮进行介绍与评析,涉及未来主义、后现代主义、后殖民主义等。 |
| ● |
| 相关链接 |
|
|
|
|
正题名:当代国外社会思潮
索取号:D091.5/121=2
 
预约/预借
| 序号 | 登录号 | 条形码 | 馆藏地/架位号 | 状态 | 备注 |
| 1 | 0824108 | 208241080 | 第一样本阅览室/ [索取号:D091.5/121=2] | 在馆 | |
| 2 | 0824109 | 208241099 | 密集书库/ [索取号:D091.5/121=2] | 在馆 | |
| 3 | 0824110 | 208241106 | 第一借阅区/ [索取号:D091.5/121=2] | 在馆 | |
| 4 | 0824111 | 208241115 | 密集书库/ [索取号:D091.5/121=2] | 在馆 | |
| 5 | 0824112 | 208241124 | 第一借阅区/ [索取号:D091.5/121=2] | 在馆 | |
| 6 | 0824113 | 208241133 | 密集书库/ [索取号:D091.5/121=2] | 在馆 | |
| 7 | 0824114 | 208241142 | 第一借阅区/ [索取号:D091.5/121=2] | 在馆 |